000 00976aab a2200217 i 4500
001 768714001
003 CO-MdFUSB
005 20250718140249.0
008 170513t1996 cr ||||| |||| 00| 0 spa d
022 _a[No incluye ISSN]
040 _aCO-MdFUSB
_bspa
_cCO-MdFUSB
_dCO-MdFUSB
041 _aspa
100 1 _aPalau, Luis
_eautor
245 3 _aEl hombre y su mundo
_c/ Luis Palau
300 _aVolumen 14, número 2, (noviembre, 1996), páginas: 36 - 40
_c: 27 cm.
520 _a"... a menos que comuniquemos el evangelio de Jesucristo que cambia vidas y llamemos a las personas que se conviertan, no haríamos más que reorganizar los problemas." "Si alguno de sus hijos todavía no conoce a Jesús, por favor no se desanime, ore por él y ámelo para traerlo a Jesús"
650 0 _9362
_aEvangelización
773 0 _tApuntes Pastorales
_049442
_960174
_gVolumen 14, número 2, (noviembre, 1996), páginas: 36 - 40
_qpágina: 36
942 _cANA
945 _aJTF-925
999 _c56254
_d56254